Normal view
MARC view
Entry Personal Name
001 - CONTROL NUMBER
- control field: 57632
003 - CONTROL NUMBER IDENTIFIER
- control field: dpl
005 - DATE AND TIME OF LATEST TRANSACTION
- control field: 20231004145049.0
008 - FIXED-LENGTH DATA ELEMENTS
- fixed length control field: 231004|| aca||aabn | a|a d
040 ## - CATALOGING SOURCE
- Original cataloging agency: dpl
- Transcribing agency: dpl
100 ## - HEADING--PERSONAL NAME
- Personal name: गुप्त ,पूर्णिमा
670 ## - SOURCE DATA FOUND
- Source citation: Work cat.: (dpl)198668: गुप्त ,पूर्णिमा, खुला पिंजड़ा, 2011
